[Event "Xtracon Grand Master 2015"]
[Site "Koge"]
[Date "2015.10.16"]
[Round "5"]
[White "Lauritsen, Martin Lee"]
[Black "Pedersen, Henrik Dahl"]
[Result "1-0"]
[WhiteElo "2097"]
[BlackElo "2199"]
[PlyCount "113"]
[EventDate "2015.??.??"]

1. e4 c6 2. d4 d5 3. Nc3 dxe4 4. Nxe4 Bf5 5. Ng3 Bg6 6. Nf3 Nd7 7. h4 h6 8. h5
Bh7 9. Bd3 Bxd3 10. Qxd3 e6 11. Bd2 Ngf6 12. O-O-O Be7 13. Kb1 O-O 14. Ne4 Nxe4
15. Qxe4 Nf6 16. Qe2 Qd5 17. Ne5 Qe4 18. Qxe4 Nxe4 19. Be3 Rfd8 20. g4 a5 21.
f3 Nd6 22. Rhe1 a4 23. c3 Bh4 24. Re2 Bg3 25. f4 Bh4 26. Nf3 Be7 27. Bf2 Bf8
28. Rg1 Ra5 29. Re5 Rxe5 30. Nxe5 Ne4 31. Bh4 Rd5 32. Kc2 c5 33. Rd1 a3 34.
bxa3 cxd4 35. Rxd4 Rxd4 36. cxd4 Bxa3 37. Kd3 f5 38. gxf5 exf5 39. Kc4 Bc1 40.
Nd3 Be3 41. a4 Kf7 42. a5 Ke6 43. Be1 Nf6 44. Nc5+ Ke7 45. Nxb7 Bxf4 46. a6 Bb8
47. Na5 Kd7 48. d5 Kc8 49. Nc6 Bd6 50. Nd4 f4 51. Nf5 Bf8 52. d6 f3 53. Kb5 Kb8
54. Bf2 Bxd6 55. Nxd6 Nxh5 56. a7+ Ka8 57. Ne8 1-0

[Event "Xtracon Grand Master 2015"]
[Site "Koge"]
[Date "2015.10.16"]
[Round "5"]
[White "Philipsen, William Horup"]
[Black "Henriksen, Kasper"]
[Result "0-1"]
[WhiteElo "1955"]
[BlackElo "2158"]
[PlyCount "74"]
[EventDate "2015.??.??"]

1. e4 e5 2. d4 exd4 3. c3 d5 4. exd5 Qxd5 5. cxd4 Nc6 6. Nf3 Bb4+ 7. Nc3 Bg4 8.
Be2 Nge7 9. O-O Qf5 10. h3 Bxf3 11. Bxf3 Rd8 12. Re1 O-O 13. Be4 Qa5 14. Be3
Bxc3 15. bxc3 Qxc3 16. Rc1 Qa5 17. Qb3 Nd5 18. Qxb7 Nce7 19. Qb1 f5 20. Rc5 Qa3
21. Bc2 h6 22. Bb3 Kh8 23. Bc1 Qb4 24. Bb2 Rf6 25. Qc1 c6 26. Rc2 Ng6 27. Ba3
Qb7 28. h4 Ngf4 29. Bc4 Rg8 30. Bf1 Qd7 31. g3 Nh5 32. Kh2 f4 33. Bh3 fxg3+ 34.
fxg3 Qc7 35. Rg1 Nxg3 36. Rxc6 Nf1+ 37. Kh1 Qh2# 0-1

[Event "Xtracon Grand Master 2015"]
[Site "Koge"]
[Date "2015.10.16"]
[Round "5"]
[White "Schou Moldt, Thomas"]
[Black "Smidt Nielsen, Henrik"]
[Result "1-0"]
[WhiteElo "2144"]
[BlackElo "1908"]
[PlyCount "71"]
[EventDate "2015.??.??"]

1. e4 c5 2. Nf3 Nc6 3. Nc3 e6 4. d4 cxd4 5. Nxd4 Qc7 6. f4 a6 7. Nxc6 dxc6 8.
e5 b5 9. a4 Bb7 10. Bd3 b4 11. Ne4 c5 12. Qe2 Qc6 13. b3 h5 14. O-O h4 15. f5
O-O-O 16. fxe6 fxe6 17. Rxf8 Rxf8 18. Nd6+ Kb8 19. Be4 Qb6 20. Bxb7 Ne7 21. a5
Qa7 22. Qxa6 Qxa6 23. Bxa6 Nd5 24. Bc4 Rh5 25. Bxd5 exd5 26. Bb2 d4 27. Re1 Kc7
28. Bc1 Kc6 29. Bd2 g5 30. Ne4 g4 31. Nf6 Rf5 32. Nxg4 h3 33. gxh3 Rf3 34. Kg2
d3 35. e6 Kd6 36. e7 1-0

[Event "Xtracon Grand Master 2015"]
[Site "Koge"]
[Date "2015.10.16"]
[Round "5"]
[White "Doluhanova, Evgeniya"]
[Black "Kirkebaekke, Mark"]
[Result "1-0"]
[WhiteElo "2216"]
[BlackElo "1759"]
[PlyCount "87"]
[EventDate "2015.??.??"]

1. e4 e5 2. Nf3 Nc6 3. Nc3 Bc5 4. Bb5 Nge7 5. O-O O-O 6. Nxe5 Nxe5 7. d4 a6 8.
Be2 Bd6 9. dxe5 Bxe5 10. f4 Bxc3 11. bxc3 d6 12. Ba3 Re8 13. f5 Nc6 14. f6 gxf6
15. Bc1 Ne5 16. Rb1 Be6 17. c4 b6 18. Rb3 Kf8 19. Bh6+ Ke7 20. Bg7 Nd7 21. Qd4
Rg8 22. Rg3 c5 23. Qd2 Qc7 24. Qh6 Rae8 25. Qxh7 Kd8 26. Rxf6 Qc6 27. Rf1 Kc7
28. e5 d5 29. Bf3 b5 30. cxd5 Bxd5 31. Qd3 Nb6 32. Bxd5 Nxd5 33. Rxf7+ Kb6 34.
c4 Nb4 35. Qf5 Qc8 36. Rg6+ Nc6 37. Qf3 Re6 38. Rxe6 Qxe6 39. Rf6 Qc8 40. Bh6
Re8 41. Qd5 bxc4 42. Be3 Rd8 43. Qxc5+ Kb7 44. Qb6+ 1-0

[Event "Xtracon Grand Master 2015"]
[Site "Koge"]
[Date "2015.10.16"]
[Round "5"]
[White "Jacobsen, Heidrikur T"]
[Black "Petersen, Peter Birk"]
[Result "0-1"]
[WhiteElo "1963"]
[BlackElo "2179"]
[PlyCount "96"]
[EventDate "2015.??.??"]

1. d4 g6 2. e4 Bg7 3. Be3 d6 4. Bc4 Nf6 5. f3 d5 6. Bd3 dxe4 7. Bxe4 O-O 8. Nd2
Nd5 9. Bxd5 Qxd5 10. Ne2 Nc6 11. c3 b6 12. Qb3 Qf5 13. c4 Na5 14. Qa3 c5 15. g4
Qe6 16. Nf4 Nxc4 17. Nxc4 Qxc4 18. Rc1 Qb5 19. Nd5 Qd7 20. Nxb6 axb6 21. Qxa8
cxd4 22. Bd2 Bb7 23. Qa3 d3 24. O-O Bd4+ 25. Kh1 Ra8 26. Qxd3 Ba6 27. Qe4 Rd8
28. Rfd1 Bxb2 29. Bh6 Bd4 30. Qc6 f6 31. Qxd7 Rxd7 32. Be3 e5 33. Rb1 Be2 34.
Bxd4 Bxf3+ 35. Kg1 Bxd1 36. Bxb6 Bxg4 37. a4 Rd1+ 38. Rxd1 Bxd1 39. a5 Be2 40.
Kf2 Ba6 41. Ke3 Kf7 42. Bd8 g5 43. Bc7 Ke6 44. Bd8 h6 45. Bb6 f5 46. Bc5 f4+
47. Kf2 Kf5 48. Be7 e4 0-1

[Event "Xtracon Grand Master 2015"]
[Site "Koge"]
[Date "2015.10.16"]
[Round "5"]
[White "Molvig, Julius"]
[Black "Andersen, Bjarne Hjorth"]
[Result "1-0"]
[WhiteElo "1879"]
[BlackElo "2037"]
[PlyCount "117"]
[EventDate "2015.??.??"]

1. d4 Nf6 2. c4 g6 3. Nc3 d5 4. cxd5 Nxd5 5. e4 Nxc3 6. bxc3 Bg7 7. Bc4 O-O 8.
Ne2 c5 9. Be3 cxd4 10. cxd4 Nc6 11. O-O Bg4 12. f3 Na5 13. Bd5 Bd7 14. Rb1 Bc8
15. Qd2 e6 16. Bb3 Nxb3 17. Rxb3 b6 18. Rc1 Ba6 19. Nf4 Qd7 20. d5 e5 21. Nd3
Bxd3 22. Rxd3 Rfc8 23. Rdc3 Bf8 24. Qc2 Rxc3 25. Qxc3 Bd6 26. Qc6 Rd8 27. Qxd7
Rxd7 28. Rc6 f6 29. Kf2 Kf7 30. Ke2 Ke7 31. Kd3 Rc7 32. Rxc7+ Bxc7 33. Kc4 a6
34. a4 Kd6 35. Bf2 g5 36. Be1 Kd7 37. Bf2 Kd6 38. Be3 Kd7 39. g3 Ke7 40. Bd2
Bd6 41. h3 Kd7 42. g4 Bc7 43. Be1 Ke7 44. h4 h6 45. h5 Kd7 46. Bc3 Bd6 47. Bd2
Bc7 48. a5 bxa5 49. Kb3 Kd6 50. Ka4 Kc5 51. Bxa5 Bb8 52. Bd8 Kd4 53. Bxf6 Ke3
54. Bxg5+ Kxf3 55. Bxh6 Kxg4 56. Bf8 Kxh5 57. Kb4 Kg6 58. Kc5 a5 59. Kb6 1-0

[Event "Xtracon Grand Master 2015"]
[Site "Koge"]
[Date "2015.10.16"]
[Round "5"]
[White "Bojesen, Villads Ussing"]
[Black "Larsen, Ulrik"]
[Result "0-1"]
[WhiteElo "1929"]
[BlackElo "1996"]
[PlyCount "50"]
[EventDate "2015.??.??"]

1. e4 e5 2. Nf3 Nc6 3. Bb5 a6 4. Ba4 Nf6 5. O-O Nxe4 6. d4 b5 7. Bb3 d5 8. dxe5
Be6 9. c3 Bc5 10. Nbd2 O-O 11. Bc2 Bf5 12. Nb3 Bxf2+ 13. Rxf2 Nxf2 14. Kxf2
Bxc2 15. Qxc2 f6 16. exf6 Qxf6 17. Qd3 Ne5 18. Qxd5+ Kh8 19. Bg5 Qxg5 20. Qxa8
Qh4+ 21. g3 Qxh2+ 22. Kf1 Qh1+ 23. Kf2 Ng4+ 24. Ke2 Qg2+ 25. Kd3 Rxa8 0-1

[Event "Xtracon Grand Master 2015"]
[Site "Koge"]
[Date "2015.10.16"]
[Round "5"]
[White "Wang, Peter"]
[Black "Nielsen, Morten Majlund"]
[Result "1/2-1/2"]
[WhiteElo "1888"]
[BlackElo "1980"]
[PlyCount "81"]
[EventDate "2015.??.??"]

1. d4 d5 2. Nf3 Nf6 3. e3 e6 4. Bd3 c5 5. b3 Nc6 6. a3 Bd6 7. Bb2 Qc7 8. O-O
O-O 9. Nbd2 e5 10. dxc5 Bxc5 11. e4 Be6 12. Qe2 d4 13. Nh4 Rfe8 14. Ndf3 Nh5
15. g3 Bg4 16. Rfe1 Nf6 17. Qf1 Qd7 18. Nd2 Bh3 19. Qe2 Ng4 20. Ng2 Re6 21. f3
Ne3 22. Nxe3 dxe3 23. Nc4 Nd4 24. Bxd4 exd4 25. b4 Be7 26. c3 dxc3 27. Nxe3 Bf6
28. Nc2 Rd8 29. Bc4 Rd6 30. Bd5 Re8 31. Qc4 b5 32. Qd3 Be6 33. Rad1 Bxd5 34.
exd5 Rxe1+ 35. Rxe1 g6 36. Ne3 h5 37. Rd1 Qb7 38. Kg2 Kg7 39. h4 Qa6 40. Nc2
Qb6 41. Qe4 1/2-1/2

[Event "Xtracon Grand Master 2015"]
[Site "Koge"]
[Date "2015.10.16"]
[Round "5"]
[White "Nielsen, Kai Gylling"]
[Black "Anghel, Mihai Ursta"]
[Result "0-1"]
[WhiteElo "1755"]
[BlackElo "1929"]
[PlyCount "54"]
[EventDate "2015.??.??"]

1. e4 c5 2. Nf3 d6 3. d4 cxd4 4. Nxd4 Nf6 5. Nc3 g6 6. Bd3 Bg7 7. Nce2 Nc6 8.
c3 O-O 9. O-O d5 10. exd5 Nxd5 11. Nxc6 bxc6 12. Qc2 Qb6 13. a4 a5 14. h3 Rb8
15. Rb1 Ba6 16. Bxa6 Qxa6 17. Bf4 Rb7 18. Rbd1 Nxf4 19. Nxf4 Rfb8 20. Nd3 Qc4
21. Rfe1 e5 22. Nxe5 Bxe5 23. Rxe5 Rxb2 24. Qe4 Qxc3 25. Re8+ Rxe8 26. Qxe8+
Kg7 27. Rd8 Qc1+ 0-1

[Event "Xtracon Grand Master 2015"]
[Site "Koge"]
[Date "2015.10.16"]
[Round "5"]
[White "Martinez Vestergaard, Kristian"]
[Black "Rendlev, Niels Moller"]
[Result "1-0"]
[WhiteElo "1891"]
[BlackElo "1777"]
[PlyCount "83"]
[EventDate "2015.??.??"]

1. e4 e6 2. d4 d5 3. Nd2 c5 4. exd5 Qxd5 5. Ngf3 a6 6. Bc4 Qd6 7. O-O Nf6 8.
dxc5 Qxc5 9. Qe2 Nc6 10. Ne4 Nxe4 11. Qxe4 Be7 12. c3 O-O 13. Bd3 g6 14. Bf4
Qa5 15. Rfe1 Rd8 16. b4 Qd5 17. Qxd5 exd5 18. Ne5 Bf6 19. Nxc6 bxc6 20. Be5 Kg7
21. a4 Bd7 22. f4 Rdc8 23. Kf2 c5 24. Ke3 Bxe5 25. fxe5 c4 26. Bc2 Re8 27. Kd4
Rac8 28. Rf1 Be6 29. b5 a5 30. Rab1 Kf8 31. b6 Re7 32. Rb5 Rb7 33. Rfb1 Rc6 34.
Rxa5 Rcxb6 35. Rab5 Rxb5 36. Rxb5 Rxb5 37. axb5 Ke7 38. Kc5 Kd8 39. Kb6 Bd7 40.
Ba4 Kc8 41. Ka7 d4 42. cxd4 1-0

[Event "Xtracon Grand Master 2015"]
[Site "Koge"]
[Date "2015.10.16"]
[Round "5"]
[White "Andersen, Daniel"]
[Black "Tolba, Henri"]
[Result "1/2-1/2"]
[WhiteElo "1869"]
[BlackElo "1717"]
[PlyCount "63"]
[EventDate "2015.??.??"]

1. c4 c6 2. e4 Qa5 3. Nc3 e5 4. g3 Nf6 5. Bg2 Be7 6. Nge2 O-O 7. O-O d6 8. d4
Nbd7 9. Rb1 a6 10. b4 Qc7 11. a4 exd4 12. Nxd4 Ne5 13. Qb3 Be6 14. Nxe6 fxe6
15. Be3 Nfg4 16. Bf4 g5 17. Bxe5 Nxe5 18. Ne2 Rf6 19. h3 Raf8 20. f4 Ng6 21.
fxg5 Rxf1+ 22. Rxf1 Rxf1+ 23. Bxf1 Bxg5 24. h4 Bh6 25. Bh3 Qe7 26. Qf3 Ne5 27.
Qb3 c5 28. Kg2 Kf7 29. Qc3 b6 30. bxc5 bxc5 31. a5 Qb7 32. Qc2 1/2-1/2

[Event "Xtracon Grand Master 2015"]
[Site "Koge"]
[Date "2015.10.16"]
[Round "5"]
[White "Marthedal, Anton Mehmet Yildiz"]
[Black "Bue, Gunnar"]
[Result "1-0"]
[WhiteElo "1866"]
[BlackElo "1640"]
[PlyCount "89"]
[EventDate "2015.??.??"]

1. d4 Nf6 2. Nf3 d5 3. c4 e6 4. Nc3 c5 5. cxd5 Nxd5 6. Nxd5 Qxd5 7. e3 Nc6 8.
b3 cxd4 9. Bc4 Bb4+ 10. Bd2 Qa5 11. exd4 O-O 12. a3 Bxd2+ 13. Qxd2 Qxd2+ 14.
Kxd2 Rd8 15. Ke3 a6 16. Rhc1 Bd7 17. Rc2 b5 18. Bd3 f5 19. b4 Rac8 20. Rac1 h6
21. h4 Ne7 22. g3 Rxc2 23. Bxc2 Rc8 24. Ne5 Bc6 25. Nd3 Be4 26. Bb3 Bd5 27.
Rxc8+ Nxc8 28. Bd1 Nd6 29. Kf4 Ne8 30. Nc5 Nc7 31. Ke5 Kf7 32. Kd6 Ne8+ 33. Kd7
g6 34. Kc8 Nd6+ 35. Kd7 Nc4 36. Nxa6 Nxa3 37. Nc7 Bc4 38. Kd6 Nb1 39. Kc5 Nc3
40. Bf3 Ke7 41. d5 e5 42. d6+ Kd8 43. Bd5 Be2 44. Ne6+ Kc8 45. Kc6 1-0

[Event "Xtracon Grand Master 2015"]
[Site "Koge"]
[Date "2015.10.16"]
[Round "5"]
[White "Stage Steffensen, Sander"]
[Black "Rasmussen, Henning"]
[Result "1/2-1/2"]
[WhiteElo "1515"]
[BlackElo "1800"]
[PlyCount "37"]
[EventDate "2015.??.??"]

1. e4 e6 2. Nc3 d5 3. f4 Nf6 4. e5 Nfd7 5. Nf3 c5 6. b3 Nc6 7. Bb5 Qc7 8. O-O
a6 9. Be2 b5 10. d3 Be7 11. Qe1 b4 12. Nd1 a5 13. Qg3 g6 14. Bb2 d4 15. Nf2 Nb6
16. Ne4 Nd5 17. Bc1 h6 18. Bd2 Bd7 19. h4 1/2-1/2

[Event "Xtracon Grand Master 2015"]
[Site "Koge"]
[Date "2015.10.16"]
[Round "5"]
[White "Jensen, Tommy"]
[Black "Gottschalck, Christian"]
[Result "1-0"]
[WhiteElo "1849"]
[BlackElo "1817"]
[PlyCount "63"]
[EventDate "2015.??.??"]

1. Nf3 c5 2. e4 e6 3. c4 Nc6 4. Nc3 g6 5. d4 cxd4 6. Nxd4 Bg7 7. Ndb5 d5 8.
cxd5 a6 9. dxc6 Qxd1+ 10. Kxd1 axb5 11. cxb7 Bxb7 12. Bxb5+ Ke7 13. f3 Rc8 14.
Bg5+ f6 15. Bd2 Kf7 16. Ke2 Ne7 17. Rhc1 Rhd8 18. Na4 Rxd2+ 19. Kxd2 Bh6+ 20.
Kd1 Bxc1 21. Rxc1 Rxc1+ 22. Kxc1 Bc6 23. Bxc6 Nxc6 24. Kd2 Ke7 25. Nc3 Kd6 26.
a3 Na5 27. Kc2 Kc6 28. b3 Kb6 29. Ne2 Nc6 30. Kc3 e5 31. b4 Kb5 32. Kb3 1-0

[Event "Xtracon Grand Master 2015"]
[Site "Koge"]
[Date "2015.10.16"]
[Round "5"]
[White "Nielsen, Jens Holm"]
[Black "Nielsen, Bjorn"]
[Result "1-0"]
[WhiteElo "1827"]
[BlackElo "1358"]
[PlyCount "55"]
[EventDate "2015.??.??"]

1. d4 d5 2. Bf4 e6 3. Nf3 Nc6 4. c3 Nf6 5. Nbd2 Be7 6. Ne5 Bd7 7. e3 Ne4 8. Bd3
f6 9. Qh5+ g6 10. Nxg6 Ng5 11. Nxh8+ Kf8 12. Bxg5 Be8 13. Bh6+ Kg8 14. Qg4+ Bg6
15. Nxg6 Kf7 16. Nxe7 Kxe7 17. Qg7+ Kd6 18. c4 Qe7 19. cxd5 Qxg7 20. Ne4+ Kxd5
21. Bxg7 Nb4 22. Nxf6+ Kc6 23. Rc1+ Kb6 24. Nd7+ Ka5 25. Rc5+ Ka4 26. Bb5+ Ka5
27. Bc4+ Ka4 28. Bb3# 1-0

[Event "Xtracon Grand Master 2015"]
[Site "Koge"]
[Date "2015.10.16"]
[Round "5"]
[White "Schjolin, John"]
[Black "Stage Steffensen, Theo"]
[Result "1-0"]
[WhiteElo "1285"]
[BlackElo "1033"]
[PlyCount "63"]
[EventDate "2015.??.??"]

1. d4 d6 2. c4 e5 3. d5 c6 4. e4 Nf6 5. Bd3 Nbd7 6. Nf3 Nc5 7. Nc3 Bg4 8. O-O
cxd5 9. cxd5 Nxd3 10. Qxd3 h6 11. Re1 Nh5 12. Re3 Nf4 13. Qb5+ Qd7 14. Qxd7+
Kxd7 15. b3 Rc8 16. Bb2 h5 17. Rc1 h4 18. h3 Bxf3 19. Rxf3 b5 20. Nxb5 Ne2+ 21.
Kf1 Nxc1 22. Rxf7+ Ke8 23. Rxa7 g5 24. Nc7+ Kd8 25. Ne6+ Ke8 26. Nxg5 Bh6 27.
Nf7 Rf8 28. Nxd6+ Kd8 29. Nxc8 Kxc8 30. f3 Rg8 31. Ra8+ Kd7 32. Rxg8 1-0

[Event "Xtracon Grand Master 2015"]
[Site "Koge"]
[Date "2015.10.16"]
[Round "6"]
[White "Rozentalis, Eduardas"]
[Black "Chatalbashev, Boris"]
[Result "1/2-1/2"]
[WhiteElo "2541"]
[BlackElo "2550"]
[PlyCount "50"]
[EventDate "2015.??.??"]

1. e4 g6 2. d4 Bg7 3. Nc3 c6 4. Nf3 d5 5. h3 Nf6 6. e5 Ne4 7. Nxe4 dxe4 8. Ng5
c5 9. e6 Bxe6 10. Nxe6 fxe6 11. dxc5 Qxd1+ 12. Kxd1 O-O 13. Ke2 Na6 14. g3 Nxc5
15. Bg2 Rac8 16. Rb1 b5 17. Rd1 a5 18. h4 Rf5 19. Be3 Rd5 20. c3 Rxd1 21. Kxd1
Na4 22. Bxe4 Bxc3 23. bxc3 Nxc3+ 24. Ke1 Nxe4 25. Rxb5 a4 1/2-1/2

[Event "Xtracon Grand Master 2015"]
[Site "Koge"]
[Date "2015.10.16"]
[Round "6"]
[White "Korneev, Oleg"]
[Black "Danielsen, Henrik"]
[Result "1-0"]
[WhiteElo "2594"]
[BlackElo "2509"]
[PlyCount "67"]
[EventDate "2015.??.??"]

1. e4 d6 2. d4 Nf6 3. Bd3 e5 4. c3 Nbd7 5. Nf3 Be7 6. O-O O-O 7. Re1 c6 8. Nbd2
Re8 9. Nf1 Bf8 10. Ng3 g6 11. h3 a5 12. a4 Qc7 13. Bc2 Bg7 14. Bg5 Nf8 15. Qd2
Kh8 16. Rad1 Be6 17. b3 exd4 18. cxd4 d5 19. e5 Ng8 20. Be3 f6 21. exf6 Nxf6
22. Bh6 Bxh6 23. Qxh6 Qg7 24. Qd2 N6d7 25. Nf1 Qf6 26. N1h2 Bf5 27. Bxf5 Qxf5
28. Ng4 Ne6 29. Nfe5 Nxe5 30. Rxe5 Qf8 31. Rde1 Ng7 32. Rxe8 Nxe8 33. Qg5 Ng7
34. Re7 1-0

[Event "Xtracon Grand Master 2015"]
[Site "Koge"]
[Date "2015.10.16"]
[Round "6"]
[White "Okhotnik, Vladimir"]
[Black "Antonsen, Mikkel"]
[Result "1/2-1/2"]
[WhiteElo "2448"]
[BlackElo "2459"]
[PlyCount "23"]
[EventDate "2015.??.??"]

1. e4 e5 2. Nf3 Nc6 3. d4 exd4 4. Nxd4 Nf6 5. Nc3 Bb4 6. Nxc6 bxc6 7. Bd3 O-O
8. O-O d5 9. exd5 cxd5 10. h3 c6 11. Qf3 Bd6 12. Bd2 1/2-1/2

[Event "Xtracon Grand Master 2015"]
[Site "Koge"]
[Date "2015.10.16"]
[Round "6"]
[White "Nielsen, Rogvi Egilstoft"]
[Black "Fier, Alexandr"]
[Result "0-1"]
[WhiteElo "2301"]
[BlackElo "2624"]
[PlyCount "88"]
[EventDate "2015.??.??"]

1. e4 g6 2. d4 Bg7 3. Be3 d5 4. exd5 Qxd5 5. Nf3 Nf6 6. Nbd2 O-O 7. Bc4 Qd6 8.
c3 b6 9. a4 Bb7 10. O-O Nbd7 11. Re1 c5 12. a5 Nd5 13. Bg5 cxd4 14. a6 Bc6 15.
Ne4 Qc7 16. cxd4 N7f6 17. Rc1 Qd8 18. Ne5 Be8 19. Qb3 Nxe4 20. Rxe4 Nf6 21. Re3
Qxd4 22. Nxf7 Bxf7 23. Rxe7 Nd5 24. Rd1 Qxc4 25. Qxc4 Nxe7 26. Qb5 Nf5 27. h3
h6 28. Bf4 Nd4 29. Qf1 Bb3 30. Bxh6 Bxd1 31. Qxd1 Rad8 32. Bd2 Bh6 33. Kf1 Ne6
34. Qb3 Rxd2 35. Qxe6+ Kh7 36. f3 Bg7 37. Kg1 Rxb2 38. h4 Rf4 39. Qe7 Ra4 40.
h5 gxh5 41. Qd7 Ra5 42. Qd3+ Kg8 43. Qc4+ Kh8 44. Qf7 Rg5 0-1

[Event "Xtracon Grand Master 2015"]
[Site "Koge"]
[Date "2015.10.16"]
[Round "6"]
[White "Blomqvist, Erik"]
[Black "Hagen, Andreas Skytte"]
[Result "1-0"]
[WhiteElo "2530"]
[BlackElo "2396"]
[PlyCount "63"]
[EventDate "2015.??.??"]

1. c4 e5 2. Nc3 Nf6 3. Nf3 Nc6 4. e3 Bb4 5. Qc2 Bxc3 6. bxc3 d6 7. e4 O-O 8. g3
Bg4 9. Bg2 Qd7 10. h3 Be6 11. d3 h6 12. Rb1 Rab8 13. Nh4 Nh7 14. f4 f6 15. f5
Bf7 16. Nf3 Ne7 17. h4 h5 18. Bh3 b5 19. cxb5 Rxb5 20. Rxb5 Qxb5 21. c4 Qb6 22.
g4 hxg4 23. Bxg4 d5 24. Ng5 fxg5 25. hxg5 dxe4 26. Qh2 Bg6 27. fxg6 Qxg6 28.
Qxe5 exd3 29. Ba3 Rb8 30. Bxe7 Nxg5 31. Bxg5 Re8 32. Be7 1-0

[Event "Xtracon Grand Master 2015"]
[Site "Koge"]
[Date "2015.10.16"]
[Round "6"]
[White "Ahlander, Bjorn"]
[Black "Nielsen, Hogni Egilstoft"]
[Result "1-0"]
[WhiteElo "2378"]
[BlackElo "2314"]
[PlyCount "97"]
[EventDate "2015.??.??"]

1. d4 Nf6 2. c4 g6 3. Nc3 Bg7 4. e4 d6 5. Nf3 O-O 6. Be2 e5 7. O-O Na6 8. d5
Nc5 9. Qc2 a5 10. Bg5 h6 11. Be3 Ne8 12. Nd2 f5 13. exf5 gxf5 14. f4 e4 15. Nb3
b6 16. Nd4 Bd7 17. b3 Nf6 18. h3 Qe8 19. Ncb5 Na6 20. Qd1 h5 21. a3 Qg6 22. Qe1
Rfc8 23. b4 Ne8 24. Rb1 Bf6 25. Kh1 Ng7 26. g3 axb4 27. axb4 Nb8 28. Rg1 Bd8
29. Ra1 Rxa1 30. Qxa1 c5 31. Nc2 Bxb5 32. cxb5 Qf7 33. Qa8 Qc7 34. bxc5 bxc5
35. g4 hxg4 36. hxg4 Nd7 37. Qc6 Kf8 38. Bd2 Nf6 39. Ne3 Qb8 40. Qa6 Nfe8 41.
g5 Rc7 42. Ra1 Nh5 43. Nxf5 Rh7 44. Kg2 Qc7 45. g6 Rh8 46. Qc6 Nhf6 47. Qxc7
Bxc7 48. Bc3 Rg8 49. Bxf6 1-0

[Event "Xtracon Grand Master 2015"]
[Site "Koge"]
[Date "2015.10.16"]
[Round "6"]
[White "Henriksen, Kasper"]
[Black "Bekker Jensen, David"]
[Result "1/2-1/2"]
[WhiteElo "2158"]
[BlackElo "2287"]
[PlyCount "112"]
[EventDate "2015.??.??"]

1. d4 Nf6 2. c4 e6 3. Nc3 Bb4 4. e3 O-O 5. Nge2 Re8 6. a3 Bf8 7. d5 a5 8. Ng3
Na6 9. Rb1 exd5 10. cxd5 Nc5 11. Bc4 c6 12. b4 axb4 13. axb4 Nce4 14. Ncxe4
Nxe4 15. dxc6 Qe7 16. cxd7 Bxd7 17. Nxe4 Qxe4 18. Qd5 Re7 19. Qxe4 Rxe4 20. Bd3
Rxb4 21. Bd2 Rxb1+ 22. Bxb1 Bb5 23. Bc3 Bc4 24. Kd2 b5 25. Rc1 Ba3 26. Rd1 b4
27. Bd4 b3 28. Be4 Rc8 29. Rb1 f6 30. Ra1 Bb4+ 31. Kd1 Be6 32. Ra8 Rxa8 33.
Bxa8 Bc4 34. Kc1 Ba3+ 35. Bb2 Bd6 36. g3 Kf7 37. Be4 g6 38. Bc3 Ba3+ 39. Kd2
Ke6 40. Bb1 Bd6 41. f4 f5 42. e4 Bc5 43. exf5+ gxf5 44. g4 fxg4 45. Bxh7 Kf7
46. f5 Bd5 47. Bg6+ Kg8 48. Bb2 Be4 49. Kc3 Bc2 50. Bh5 Bd6 51. Kc4 Bxf5 52.
Bxg4 Bxg4 53. Kxb3 Bxh2 54. Ka2 Kf7 55. Ka1 Ke6 56. Bh8 Kd5 1/2-1/2

[Event "Xtracon Grand Master 2015"]
[Site "Koge"]
[Date "2015.10.16"]
[Round "6"]
[White "Percivaldi, Martin"]
[Black "Schou Moldt, Thomas"]
[Result "1-0"]
[WhiteElo "2246"]
[BlackElo "2144"]
[PlyCount "49"]
[EventDate "2015.??.??"]

1. d4 d5 2. c4 c6 3. Nf3 Nf6 4. e3 e6 5. b3 Nbd7 6. Bd3 Be7 7. O-O O-O 8. Bb2
b6 9. Nc3 Bb7 10. Qe2 c5 11. cxd5 exd5 12. Rfd1 a6 13. Rac1 Re8 14. Ne5 Bd6 15.
f4 b5 16. Qf3 Rb8 17. Qh3 Nf8 18. dxc5 Bxc5 19. Nxd5 Bxd5 20. Rxc5 Qa5 21. Ng4
Be4 22. Nxf6+ gxf6 23. Bxe4 Rxe4 24. Bxf6 Ng6 25. Qh6 1-0

[Event "Xtracon Grand Master 2015"]
[Site "Koge"]
[Date "2015.10.16"]
[Round "6"]
[White "Andersen, Rune"]
[Black "Andreasen, Henrik"]
[Result "0-1"]
[WhiteElo "2103"]
[BlackElo "2219"]
[PlyCount "96"]
[EventDate "2015.??.??"]

1. d4 Nf6 2. Nf3 e6 3. Bg5 h6 4. Bxf6 Qxf6 5. e4 d5 6. e5 Qd8 7. Bd3 c5 8. c3
Nc6 9. a3 a5 10. a4 Bd7 11. O-O Qb6 12. dxc5 Bxc5 13. Na3 O-O 14. Qe2 Ne7 15.
Nb5 Rac8 16. Kh1 Ng6 17. g3 Bc6 18. Nbd4 Rce8 19. h4 f5 20. Nxc6 bxc6 21. Rab1
Rf7 22. h5 Nf8 23. Kg2 Rb8 24. Nh4 Be7 25. Ng6 Nxg6 26. hxg6 Rff8 27. f4 c5 28.
g4 c4 29. Bc2 Qc6 30. Kg3 fxg4 31. Qxg4 Qb6 32. Rfe1 Bc5 33. Re2 d4 34. cxd4
Bxd4 35. f5 exf5 36. Bxf5 Qc5 37. Rbe1 Rxb2 38. Qf4 Bf2+ 39. Rxf2 Qxf2+ 40.
Qxf2 Rxf2 41. Be6+ Kh8 42. Bd7 R8f3+ 43. Kg4 Rf1 44. Re4 c3 45. e6 c2 46. e7
c1=Q 47. e8=Q+ Rf8 48. Qe7 Qd2 0-1

[Event "Xtracon Grand Master 2015"]
[Site "Koge"]
[Date "2015.10.16"]
[Round "6"]
[White "Pedersen, Hans Dahl"]
[Black "Lauritsen, Martin Lee"]
[Result "1/2-1/2"]
[WhiteElo "2187"]
[BlackElo "2097"]
[PlyCount "93"]
[EventDate "2015.??.??"]

1. c4 e5 2. g3 Nf6 3. Bg2 Nc6 4. Nc3 d6 5. Nf3 Be7 6. d3 O-O 7. O-O Re8 8. a3
a5 9. Nd2 Bf8 10. Rb1 g6 11. b4 axb4 12. axb4 Bg7 13. b5 Ne7 14. Nde4 Nxe4 15.
Nxe4 f5 16. Nc3 c6 17. Bg5 Qc7 18. bxc6 bxc6 19. Nb5 Qd7 20. Qd2 Rb8 21. Nc3
Rxb1 22. Rxb1 Bb7 23. Qb2 Ba8 24. Qb3 c5 25. Bxe7 Qxe7 26. Bxa8 Rxa8 27. Nd5
Qa7 28. Kg2 h5 29. h4 Rf8 30. Qb7 Qxb7 31. Rxb7 Rf7 32. Rb8+ Bf8 33. Kf3 Kg7
34. Rc8 Rd7 35. Rc6 Kf7 36. Nc7 Be7 37. Nd5 Bf8 38. Nb6 Rb7 39. e4 Ra7 40. Nc8
Rd7 41. Nb6 Ra7 42. Nd5 Rd7 43. Rc8 Bg7 44. Nb6 Rb7 45. Rc6 Bf8 46. Nd5 Rd7 47.
Rc8 1/2-1/2

[Event "Xtracon Grand Master 2015"]
[Site "Koge"]
[Date "2015.10.16"]
[Round "6"]
[White "Kristiansen, Jens"]
[Black "Molvig, Julius"]
[Result "1-0"]
[WhiteElo "2431"]
[BlackElo "1879"]
[PlyCount "67"]
[EventDate "2015.??.??"]

1. d4 Nf6 2. c4 g6 3. Nc3 Bg7 4. e4 d6 5. Nf3 O-O 6. Be2 e5 7. d5 a5 8. Bg5 h6
9. Bh4 g5 10. Bg3 Nh5 11. h4 Nf4 12. hxg5 hxg5 13. Rh2 Nd7 14. Nd2 Nf6 15. Nf1
Nxe2 16. Qxe2 Ng4 17. Rh1 f5 18. exf5 Bxf5 19. Nd2 e4 20. Ncxe4 Bxb2 21. Rb1
Bd4 22. f3 Ne3 23. Rb3 Nc2+ 24. Kd1 Nb4 25. a3 Na6 26. Bf2 Bxf2 27. Qxf2 Bg6
28. Qd4 Kf7 29. f4 gxf4 30. Rf3 Ke8 31. Re1 Kd7 32. Qg7+ Bf7 33. Qg4+ Ke7 34.
Nf6+ 1-0

[Event "Xtracon Grand Master 2015"]
[Site "Koge"]
[Date "2015.10.16"]
[Round "6"]
[White "Larsen, Preben R"]
[Black "Doluhanova, Evgeniya"]
[Result "0-1"]
[WhiteElo "1844"]
[BlackElo "2216"]
[PlyCount "52"]
[EventDate "2015.??.??"]

1. e4 c5 2. Nf3 d6 3. d4 cxd4 4. Nxd4 Nf6 5. Nc3 a6 6. Bg5 e6 7. Be2 Nc6 8.
Nxc6 bxc6 9. O-O Be7 10. Be3 Rb8 11. b3 O-O 12. a3 c5 13. Bf3 Bb7 14. Re1 Nd7
15. Bf4 Bf6 16. Qd2 Ne5 17. Bxe5 Bxe5 18. Rad1 f5 19. Nb1 Qh4 20. g3 Qf6 21.
Bg2 fxe4 22. Bxe4 Bd4 23. Bxb7 Bxf2+ 24. Kg2 Rxb7 25. Rf1 Qf3+ 26. Kh3 Rf5 0-1